1253 1770 1180 1571 1686 1619 1320 1533 2000 1734 1842 1228 1956 1878 1976 1369 1269 1466 1432 1873 1338 1101 1365 1810 1017 1938 1859 1198 1660 1394 1603 1864 1903 1320 1367 1452 1686 1363 1188 1416 1717 1065 1518 1388 1339 1814 1547 1814 1007 1784 1327 1080 1789 1063 1616 1183 1832 1907 1512 1528 1078 1794 1019 1074 1742 1402 1092 1082 1926 1859 1626 1874 1290 1808 1075 1655 1678 1779 1055 1725 1711 1867 1609 1685 1095 1075 1586 1178 1729 1679 1322 1958 1782 1698 1590 1635 1550 1103 1450 BCNSPRNW ULIB Ver.6.0+V

เปลี่ยนเป็นภาษาไทย

Change to English
 แสดงรายละเอียดบรรณานุกรม
  กลับหน้าหลัก

Brief Record : Get Marc (ISO 2709) : E-mail record : QR code < ปิดหน้าต่าง
LEADER : 00000nam 2200000uu 4500
001    13399121805
003     ULIB
008    121207s2552||||th 000 0 tha d
020    ^a9789746724081
060 04 ^aWE708^bต237ร 2552
100 0  ^aต่อพงษ์ บุญมาประเสริฐ
245 10 ^aโรคกระดูกคอเสื่อม =^bDegenerative diseases of the cervicalspine /^cต่อพงษ์ บุญมาประเสริฐ
246 31 ^aDegenerative diseases of the cervical spine
250    ^aพิมพ์ครั้งที่ 1
260    ^aเชียงใหม่ :^bภาควิชาออร์โทปิดิกส์ คณะแพทยศาสตร์มหาวิทยาลัยเชียงใหม่,^c2552
300    ^axii, 320 หน้า :^bภาพประกอบ (สีบางภาพ) ;^c27 ซม.
500    ^aหนังสือเล่มนี้ได้รับการสนับสนุนจากโครงการตำราคณะแพทยศาสตร์ มหาวิทยาลัยเชียงใหม่
650  7 ^aกระดูกสันหลังส่วนคอ
650  7 ^aกระดูกสันหลัง, โรค
650  7 ^aคอ
710 2  ^aมหาวิทยาลัยเชียงใหม่. ^bคณะแพทยศาสตร์.^bภาควิชาออร์โทปิดิกส์
945    ^p0^l0^i15859
945    ^p0^l0^i15803
945    ^p0^l0^i15860
945    ^p450^l0^i15802
995    ^aกัณชพร
999 ^a ใช้งานได้ทุกระบบ
รายการนี้ยังไม่มีแท็ก
คุณยังไม่ได้ล็อกอิน คุณสามารถมีกิจกรรมร่วมกับเว็บไซต์ได้ แต่ต้องล็อกอินก่อน ::
  ล็อกอิน

รายการสื่อสารสนเทศ

ลำดับที่ ประเภท เลขเรียก/บาร์โค้ด สถานที่ สถานะ
- ไม่พบข้อมูล -

รายการใกล้เคียง
    ผู้แต่ง [ต่อพงษ์ บุญมาประเสริฐ]

    หัวเรื่อง [กระดูกสันหลังส่วนคอ]
    หัวเรื่อง [กระดูกสันหลัง, โรค]
    หัวเรื่อง [คอ]

BibComment


ยังไม่เคยถูกคอมเมนท์

คอมเมนท์ทรัพยากรรายการนี้
  คอมเมนท์: โรคกระดูกคอเสื่อ..


 Copyright 2026. Bcnsprnw @Library